NFL Draft 2024 Quarterbacks Drafted - Statistics

General Stats
  • This quiz has been taken 102 times
  • The average score is 8 of 11
Answer Stats
Round Player Team College % Correct
1 Bo Nix Broncos Oregon
100%
1 Michael Penix Falcons Washington
100%
1 Caleb Williams Bears USC
99%
1 Drake Maye Patriots North Carolina
99%
1 Jayden Daniels Commanders Louisiana State
98%
1 J.J. McCarthy Vikings Michigan
98%
5 Spencer Rattler Saints South Carolina
83%
6 Joe Milton Patriots Tennessee
59%
5 Jordan Travis Jets Florida State
46%
7 Michael Pratt Packers Tulane
20%
6 Devin Leary Ravens Kentucky
16%
No matching quizzes found
Score Distribution
Percent of People with Each Score
Percentile by Number Answered
Your Score History
You have not taken this quiz